Statistiken für Mathe Quiz

Klicken Sie hier um das Quiz zu spielen!

Allgemein

  • Dieses Quiz wurde 127 mal gespielt
  • Das Durchschnittsergebnis liegt bei 13 aus 15

Antwortstatistiken

FrageAntwort% Korrekt
60 × 40 =2400
96%
498 + 333 =831
95%
9067 - 386 =8681
95%
777 - 756 =21
94%
361 + 93 =454
94%
526 - 345 =181
93%
33 × 10 =330
93%
62 ÷ 2 =31
91%
33 × 33 =1089
89%
22 × 55 =1210
89%
17 × 20 =340
89%
57 × 33 =1881
88%
132 ÷ 22 =6
88%
555 + 666 - 333 × 2 =555
82%
(Super schwierig) 534 × 675 - 100 =360350
57%

Verteilung der Resultate

Perzentil nach korrekt beantworteten Fragen

Anzahl Personen mit jedem Resultat

Ihre Resultats-Entwicklung

Sie haben dieses Quiz noch nicht gespielt